Missing Word: Boat Movies Quiz Stats

Quiz Updated Sep 9, 2016

Challenge
Share
Tweet
Embed
Score 0/30 Timer 06:00
0 Plays Today
Title Missing Word % Correct
The ____ for Red OctoberHunt
97.3%
The ____ Man and the SeaOld
95.1%
____ DickMoby
93.1%
Cape ____Fear
91.6%
____ on the BountyMutiny
91.1%
The African ____Queen
90.9%
Pirates of the Caribbean: Dead Man's ____Chest
90.1%
Life of ____Pi
89.7%
The Poseidon ____Adventure
88.9%
On Golden ____Pond
88.3%
The ____ StormPerfect
87.6%
____ PhillipsCaptain
87.3%
Das ____Boot
86.8%
Ghost ____Ship
76.3%
The ____ MutinyCaine
74.7%
Title Missing Word % Correct
____ 2: Cruise ControlSpeed
70.7%
____ CalmDead
68.5%
____ SiegeUnder
63.7%
____-TikiKon
63.4%
____ PotemkinBattleship
50.2%
____ of the DamnedVoyage
47.6%
____: The RevengeJaws
45%
The ____ PebblesSand
42.6%
The Philadelphia ____Experiment
35.9%
All is ____Lost
31.6%
____ SquallWhite
31.4%
The ____ HawkSea
29.1%
Knife in the ____Water
25%
Pirate ____Radio
15.5%
Conquest of ____Paradise
12.5%

Today's Daily Dose

Word Ladder
Summertime

On This Day
June 23rd II

You're not logged in!

Compare scores with friends on all Sporcle quizzes.
Join for Free
OR
Log In

You Might Also Like...

Show Comments

Extras

Top Quizzes Today


Score Distribution

Your Account Isn't Verified!

In order to create a playlist on Sporcle, you need to verify the email address you used during registration. Go to your Sporcle Settings to finish the process.

Report this User

Report this user for behavior that violates our Community Guidelines.

Details: